| 000 -LEADER |
| fixed length control field |
02413cam a22004577i 4500 |
| 001 - CONTROL NUMBER |
| control field |
20764533 |
| 003 - CONTROL NUMBER IDENTIFIER |
| control field |
NUST |
| 005 - DATE AND TIME OF LATEST TRANSACTION |
| control field |
20230127115445.0 |
| 008 - FIXED-LENGTH DATA ELEMENTS--GENERAL INFORMATION |
| fixed length control field |
181130s2020 enka b 001 0 eng d |
| 010 ## - LIBRARY OF CONGRESS CONTROL NUMBER |
| LC control number |
2018966084 |
| 015 ## - NATIONAL BIBLIOGRAPHY NUMBER |
| National bibliography number |
GBB9E1891 |
| Source |
bnb |
| 016 7# - NATIONAL BIBLIOGRAPHIC AGENCY CONTROL NUMBER |
| Record control number |
019511278 |
| Source |
Uk |
| 020 ## - INTERNATIONAL STANDARD BOOK NUMBER |
| International Standard Book Number |
9780128148556 |
| Qualifying information |
paperback |
| 020 ## - INTERNATIONAL STANDARD BOOK NUMBER |
| International Standard Book Number |
0128148551 |
| Qualifying information |
paperback |
| 020 ## - INTERNATIONAL STANDARD BOOK NUMBER |
| Canceled/invalid ISBN |
9780128148563 (ePub ebook) |
| 035 ## - SYSTEM CONTROL NUMBER |
| System control number |
(OCoLC)on1085217220 |
| 040 ## - CATALOGING SOURCE |
| Original cataloging agency |
YDX |
| Language of cataloging |
eng |
| Transcribing agency |
YDX |
| Description conventions |
rda |
| Modifying agency |
BDX |
| -- |
UKMGB |
| -- |
OCLCO |
| -- |
OCLCF |
| -- |
YDX |
| -- |
YDXIT |
| -- |
CHVBK |
| -- |
OCLCO |
| -- |
LTSCA |
| -- |
OCLCO |
| -- |
OE$ |
| -- |
DLC |
| 042 ## - AUTHENTICATION CODE |
| Authentication code |
lccopycat |
| 050 00 - LIBRARY OF CONGRESS CALL NUMBER |
| Classification number |
QD461 |
| Item number |
.P25 2020 |
| 082 04 - DEWEY DECIMAL CLASSIFICATION NUMBER |
| Classification number |
572.8 |
| Edition number |
23 |
| 100 1# - MAIN ENTRY--PERSONAL NAME |
| Personal name |
Pal, Subrata, |
| Relator term |
author. |
| 9 (RLIN) |
107864 |
| 245 10 - TITLE STATEMENT |
| Title |
Fundamentals of molecular structural biology / |
| Statement of responsibility, etc. |
Subrata Pal. |
| 264 #1 - PRODUCTION, PUBLICATION, DISTRIBUTION, MANUFACTURE, AND COPYRIGHT NOTICE |
| Place of production, publication, distribution, manufacture |
London, United Kingdom ; |
| -- |
San Diego, California : |
| Name of producer, publisher, distributor, manufacturer |
Academic Press, an imprint of Elsevier, |
| Date of production, publication, distribution, manufacture, or copyright notice |
[2020] |
| 300 ## - PHYSICAL DESCRIPTION |
| Extent |
xxi, 495 pages ; |
| Dimensions |
24 cm |
| 336 ## - CONTENT TYPE |
| Content type term |
text |
| Content type code |
txt |
| Source |
rdacontent |
| 337 ## - MEDIA TYPE |
| Media type term |
unmediated |
| Media type code |
n |
| Source |
rdamedia |
| 338 ## - CARRIER TYPE |
| Carrier type term |
volume |
| Carrier type code |
nc |
| Source |
rdacarrier |
| 504 ## - BIBLIOGRAPHY, ETC. NOTE |
| Bibliography, etc. note |
Includes bibliographical references and index. |
| 505 ## - FORMATTED CONTENTS NOTE |
| Formatted contents note |
Introduction—A historical perspective -- Mathematical tools -- Physical basis of chemistry -- Chemical basis of biology -- Biomacromolecules -- Structure analysis and visualization -- Protein folding -- DNA synthesis: Replication -- Transcription -- RNA processing -- Translation -- DNA damage and repair -- Recombination -- Membrane structure and function -- Fundamentals of structural genomics -- Cell signaling and systems biology -- Macromolecular assemblies -- Computational molecular biology |
| 650 #0 - SUBJECT ADDED ENTRY--TOPICAL TERM |
| Topical term or geographic name entry element |
Molecular structure. |
| 9 (RLIN) |
103991 |
| 650 #0 - SUBJECT ADDED ENTRY--TOPICAL TERM |
| Topical term or geographic name entry element |
Structural bioinformatics. |
| 9 (RLIN) |
107865 |
| 650 #7 - SUBJECT ADDED ENTRY--TOPICAL TERM |
| Topical term or geographic name entry element |
Molecular biology. |
| Source of heading or term |
fast |
| Authority record control number or standard number |
(OCoLC)fst01024734 |
| 650 #7 - SUBJECT ADDED ENTRY--TOPICAL TERM |
| Topical term or geographic name entry element |
Molecular structure. |
| Source of heading or term |
fast |
| Authority record control number or standard number |
(OCoLC)fst01024846 |
| 9 (RLIN) |
103991 |
| 650 #7 - SUBJECT ADDED ENTRY--TOPICAL TERM |
| Topical term or geographic name entry element |
Makromolekül |
| Source of heading or term |
gnd |
| 9 (RLIN) |
107866 |
| 650 #7 - SUBJECT ADDED ENTRY--TOPICAL TERM |
| Topical term or geographic name entry element |
Molekularbiologie |
| Source of heading or term |
gnd |
| 9 (RLIN) |
107867 |
| 650 #7 - SUBJECT ADDED ENTRY--TOPICAL TERM |
| Topical term or geographic name entry element |
Strukturbiologie |
| Source of heading or term |
gnd |
| 9 (RLIN) |
107868 |
| 776 08 - ADDITIONAL PHYSICAL FORM ENTRY |
| Relationship information |
Electronic version: |
| Main entry heading |
Pal, Subrata. |
| Title |
Fundamentals of molecular structural biology. |
| Place, publisher, and date of publication |
London, United Kingdom : Academic Press, an imprint of Elsevier, 2020 |
| International Standard Book Number |
9780128148563 |
| Record control number |
(OCoLC)1112671380 |
| 906 ## - LOCAL DATA ELEMENT F, LDF (RLIN) |
| a |
7 |
| b |
cbc |
| c |
copycat |
| d |
2 |
| e |
ncip |
| f |
20 |
| g |
y-gencatlg |
| 942 ## - ADDED ENTRY ELEMENTS (KOHA) |
| Source of classification or shelving scheme |
|
| Koha item type |
Book |